000 nam a22 7a 4500
999 _c150390
_d150388
005 20190814151132.0
008 190814b xxu||||| |||| 00| 0 eng d
020 _a848444466
050 _aKKT3857
_bR67 2002
100 1 _aRopero Carrasco, Julia,
_eautor
245 1 3 _aLa provocación del estado de necesidad en derecho penal (provocación de situaciones de riesgo en el tráfico automovilístico y otros estados de conflicto)
_c/ Julia Ropero Carrasco ; dirigido por Carlos María Romeo Casabona.
250 _a1a ed.
260 _aGranada :
_bComares,
_c2002
300 _axxvii, 614 p. ;
_c22 cm.
490 0 _aEstudios de derecho penal ;
_v35
504 _aBibliografía : p. 597-614
650 7 _2lemb
_aDerecho penal
_zEspaña
650 7 _aEstado de necesidad
_zEspaña
700 1 _aRomeo Casabona, Carlos María,
_edirigido
942 _2lcc
_cLIB